|
|
|
|
| LEADER |
00000nam0a2200000 4500 |
| 001 |
128274 |
| 005 |
20241128170011.0 |
| 035 |
|
|
|a (RuTPU)RU\TPU\book\138746
|
| 090 |
|
|
|a 128274
|
| 100 |
|
|
|a 20071225d2006 m y0rusy50 ca
|
| 101 |
0 |
|
|a rus
|
| 102 |
|
|
|a RU
|
| 105 |
|
|
|a a j 000zy
|
| 200 |
1 |
|
|a История России
|e учебное пособие для иностранных студентов
|f Н. И. Гузарова, О. А. Казакова
|g Томский политехнический университет (ТПУ), Институт международного образования (ИМО)
|
| 210 |
|
|
|a Томск
|c Изд-во ТПУ
|d 2006
|
| 215 |
|
|
|a 182 с.
|c ил.
|
| 225 |
1 |
|
|a Учебники Томского политехнического университета
|
| 330 |
|
|
|a Учебное пособие предназначено для студентов-иностранцев, обучающихся в ТПУ. Учебное пособие содержит все темы по курсу «Отечественной истории». Пособие полностью соответствует государственному стандарту. Учебный материал адаптирован к уровню владения русским языком студентами-иностранцами. Пособие включает комплекс упражнений для изучения исторической терминологии, что позволяет сделать процесс обучения иностранцев более комфортным.
|
| 606 |
|
|
|a Россия
|x История
|2 stltpush
|3 (RuTPU)RU\TPU\subj\64777
|9 81526
|
| 606 |
|
|
|a Русский язык
|x Для других народов
|x Учебные руководства и пособия
|2 stltpush
|3 (RuTPU)RU\TPU\subj\26400
|9 50340
|
| 610 |
1 |
|
|a история России
|
| 610 |
1 |
|
|a учебные пособия
|
| 610 |
1 |
|
|a восточные славяне
|
| 610 |
1 |
|
|a Древнерусское государство
|
| 610 |
1 |
|
|a крещение Руси
|
| 610 |
1 |
|
|a Киевская Русь
|
| 610 |
1 |
|
|a Московское государство
|
| 610 |
1 |
|
|a Смутное время
|
| 610 |
1 |
|
|a культура
|
| 610 |
1 |
|
|a Российская империя
|
| 610 |
1 |
|
|a политика
|
| 610 |
1 |
|
|a Отечественная война 1812
|
| 610 |
1 |
|
|a общественное движение
|
| 610 |
1 |
|
|a Первая русская революция 1905-1907
|
| 610 |
1 |
|
|a Первая мировая война 1914-1918
|
| 610 |
1 |
|
|a Февральская революция
|
| 610 |
1 |
|
|a Октябрьская революция 1917
|
| 610 |
1 |
|
|a СССР
|
| 610 |
1 |
|
|a Великая Отечественная война 1941-1945
|
| 610 |
1 |
|
|a перестройка
|
| 610 |
1 |
|
|a Российская Федерация
|
| 686 |
|
|
|a Т3(2)я73
|2 rubbk
|
| 686 |
|
|
|a Ш141.2-96
|2 rubbk
|
| 700 |
|
1 |
|a Гузарова
|b Н. И.
|c историк
|c доцент Томского политехнического университета, кандидат исторических наук
|f 1955-
|g Надежда Ивановна
|3 (RuTPU)RU\TPU\pers\26631
|
| 701 |
|
1 |
|a Казакова
|b О. А.
|c филолог
|c доцент Томского политехнического университета, кандидат филологических наук
|f 1974-
|g Ольга Анатольевна
|3 (RuTPU)RU\TPU\pers\24564
|9 10864
|
| 712 |
0 |
2 |
|a Томский политехнический университет (ТПУ)
|b Институт международного образования (ИМО)
|3 (RuTPU)RU\TPU\col\6284
|
| 801 |
|
1 |
|a RU
|b 63413507
|c 20071225
|g PSBO
|
| 801 |
|
2 |
|a RU
|b 63413507
|c 20180503
|g PSBO
|
| 942 |
|
|
|c BK
|